| 000 | 00580nam a2200193 a 4500 | ||
|---|---|---|---|
| 005 | 20250529063820.0 | ||
| 008 | 991125s1971 bue 000 0 spa u | ||
| 035 | _aUPN01000033120 | ||
| 049 | _aCE | ||
| 050 | 4 |
_aZ678 _bL5.3 |
|
| 100 | 1 |
_aLitton, Gaston, _d1913-1996 _928976 |
|
| 245 | 1 | 0 |
_aJornada de la biblioteca / _cGastón Litton. |
| 260 |
_aBuenos Aires : _bBowker, _c1971. |
||
| 300 |
_a226 p. : _bil. |
||
| 440 | 0 | _aBreviarios del bibliotecario ; | |
| 650 | 2 |
_aBibliotecas - _xAdministración _98821 |
|
| 650 | 4 |
_aBIBLIOTECAS - _xMOBILIARIO Y EQUIPO _92889 |
|
| 905 | _aLibro | ||
| 999 |
_c33120 _d33120 |
||